000
00320nam a22001451a 4500
020
_a
9788170815891
082
_a
202.3
_b
SAL/C
100
_a
Salila Nayak
245
_a
Concept of rebirth/
_c
by Salila Nayak
260
_a
Delhi:
_b
Nag,
_c
2004.
300
_a
601p.
650
_a
Rebirth
650
_a
Religion
942
_c
BK
999
_c
8737
_d
8737